000 01419nam a2200349 i 4500
003 EG-GICUC
005 20260211224824.0
008 260211s2000 |||||||fr|||| 00| 0 ara d
017 _a2000/5662
020 _a9770307262
040 _a EG-GICUC
_bara
_c EG-GICUC
_d EG-GICUC
_erda
041 _aara
082 0 4 _a343.442
_bع ب . ش
_221
092 0 4 _221
099 _aLaw1 10 343.442 ع ب . ش 2000 1006296
100 0 _aعبد الحميد الشوربي.
_eمؤلف.
245 1 0 _aشائبة عدم دستورية ومشروعية قراري إعلان ومد حالة الطوارئ والأوامر العسكرية /
_cدكتور عبد الحميد الشوربي، شريف جاد الله.
264 1 _aالإسكندرية :
_bمنشأة المعارف
_c2000،
300 _a378صفحة ؛
_c24 سم
_bإيضاحيات، صور، مثيليات ؛
336 _2rda content
_atext
337 _2rda media
_aComputer
338 _2rda carrier
_aOnline Resource
490 1 _aالكتب القانونية؛
504 _aيشتمل على ارجاعات ببليوجرافية
650 1 _aقانون العقوبات العسكري.
_2qrmak
650 1 _aالقانون الجنائي.
_2qrmak
651 1 _2qrmak
700 0 _aشريف جاد الله
_eمؤلف مشارك.
856 4 0 _uhttps://fll.law.cu.edu.eg/fulltext/bks/B10-06296.pdf
905 _a18
942 _2ddc
_cBK
_e21
_n0
999 _c62730
_d62730